[Event "SLO-chT2W"]
[Site "Bled"]
[Date "2003.11.09"]
[Round "2"]
[White "Slibar, Matjaz"]
[Black "Hladnik, Ales"]
[Result "1-0"]
[WhiteElo "2204"]
[BlackElo "1991"]
[PlyCount "81"]
[EventDate "2003.11.07"]
[EventType "team"]
[EventRounds "8"]
[EventCountry "SLO"]
[SourceTitle "EXT 2005"]
[Source "ChessBase"]
[SourceDate "2004.11.15"]
[SourceVersion "1"]
[SourceVersionDate "2004.11.15"]
[SourceQuality "1"]

1. e4 c5 2. Ne2 Nc6 3. c4 Nf6 4. Nbc3 e6 5. d4 cxd4 6. Nxd4 d6 7. Be2 Be7 8. 0-0 0-0 9. Be3 Bd7 10. f4 Nxd4 11. Qxd4 Bc6 12. Rad1 a6 13. a4 Qa5 14. Qd3 Qb4 15. b3 b5 16. cxb5 axb5 17. e5 dxe5 18. axb5 e4 19. Qc2 Bd5 20. Nxd5 Nxd5 21. Bd4 f5 22. Bc4 Bc5 23. Qf2 e3 24. Qe2 Rfe8 25. Kh1 Re7 26. g4 Rd8 27. Be5 Rf8 28. gxf5 Rxf5 29. Qg4 g6 30. Ra1 Ra7 31. Qf3 Rxa1 32. Rxa1 e2 33. Qxe2 Nxf4 34. Bxf4 Rxf4 35. Qxe6+ Kg7 36. Qe5+ Rf6 37. Ra6 Bd6 38. Ra7+ Kh6 39. Qxf6 Qe1+ 40. Qf1 Qe4+ 41. Qg2 1-0

[Event "SLO-chT qual"]
[Site "Kranj"]
[Date "1995.??.??"]
[Round "?"]
[White "Hladnik, Ales"]
[Black "Rodman, Franc"]
[Result "1-0"]
[WhiteElo "2155"]
[BlackElo "2095"]
[PlyCount "55"]
[EventDate "1995.??.??"]
[EventType "team"]
[EventRounds "4"]
[EventCountry "SLO"]
[SourceTitle "EXT 1998"]
[Source "ChessBase"]
[SourceDate "1997.11.17"]
[SourceVersion "1"]
[SourceVersionDate "1997.11.17"]
[SourceQuality "1"]

1. e4 e5 2. Nf3 Nc6 3. Bb5 a6 4. Ba4 Nf6 5. 0-0 Nxe4 6. d4 b5 7. Bb3 d5 8. dxe5 Be6 9. Nbd2 Be7 10. c3 Nc5 11. Bc2 0-0 12. h3 f5 13. exf6 Bxf6 14. Re1 Qd7 15. Nb3 Nxb3 16. Bxb3 Na5 17. Nd4 Nxb3 18. axb3 Bf7 19. b4 a5 20. Rxa5 Rxa5 21. bxa5 c5 22. Nb3 Rc8 23. Bf4 Bd8 24. a6 Bb6 25. Qf3 d4 26. cxd4 cxd4 27. Qb7 Qd8 28. Re7 1-0

[Event "SLO-chT qual"]
[Site "Kranj"]
[Date "1995.??.??"]
[Round "?"]
[White "Hladnik, Ales"]
[Black "Veber, Bojan"]
[Result "0-1"]
[WhiteElo "2095"]
[BlackElo "2145"]
[PlyCount "82"]
[EventDate "1995.??.??"]
[EventType "team"]
[EventRounds "4"]
[EventCountry "SLO"]
[SourceTitle "EXT 1998"]
[Source "ChessBase"]
[SourceDate "1997.11.17"]
[SourceVersion "1"]
[SourceVersionDate "1997.11.17"]
[SourceQuality "1"]

1. d4 Nf6 2. c4 g6 3. Nc3 Bg7 4. e4 d6 5. Be2 0-0 6. Nf3 e5 7. 0-0 Nc6 8. Be3 Ng4 9. Bg5 f6 10. Bh4 Nh6 11. Qd2 Bg4 12. dxe5 dxe5 13. Qd5+ Nf7 14. Qxd8 Raxd8 15. Nd5 g5 16. Bg3 Rd7 17. h3 Be6 18. Rfe1 h5 19. h4 g4 20. Nd2 Nd4 21. Bd1 c6 22. Ne3 Bh6 23. f3 Bf4 24. Ndf1 Nh6 25. b3 Rg7 26. Kh2 Kf7 27. Bxf4 exf4 28. Nc2 Nxc2 29. Bxc2 gxf3 30. gxf3 Rfg8 31. Re2 Ke7 32. Rae1 Nf7 33. Rf2 Ne5 34. Ree2 Rg3 35. Nxg3 fxg3+ 36. Kg2 gxf2+ 37. Kxf2 Bh3 38. f4 Rg2+ 39. Ke3 Rg3+ 40. Kd4 Nf3+ 41. Kc5 b6+ 0-1

[Event "SLO-chT qual"]
[Site "Kranj"]
[Date "1995.??.??"]
[Round "?"]
[White "Pirnat, Saso"]
[Black "Hladnik, Ales"]
[Result "0-1"]
[WhiteElo "1955"]
[BlackElo "2095"]
[PlyCount "70"]
[EventDate "1995.??.??"]
[EventType "team"]
[EventRounds "4"]
[EventCountry "SLO"]
[SourceTitle "EXT 1998"]
[Source "ChessBase"]
[SourceDate "1997.11.17"]
[SourceVersion "1"]
[SourceVersionDate "1997.11.17"]
[SourceQuality "1"]

1. d4 Nf6 2. c4 g6 3. Nc3 Bg7 4. e4 d6 5. Nf3 0-0 6. Be2 e5 7. dxe5 dxe5 8. Bg5 c6 9. Qxd8 Rxd8 10. Rd1 Re8 11. 0-0 Nbd7 12. Nd2 Nc5 13. Be3 Ne6 14. Nb3 Nf4 15. f3 Nxe2+ 16. Nxe2 a5 17. Nc5 Bf8 18. Nc3 Rb8 19. N3a4 b6 20. Nd3 Nd7 21. a3 Ba6 22. Rc1 b5 23. cxb5 Bxb5 24. Ndc5 Nxc5 25. Nxc5 Bxf1 26. Kxf1 Rxb2 27. Nd7 Kg7 28. Nxf8 Rxf8 29. Rxc6 Rd8 30. Rc1 Rb3 31. Bc5 Rc8 32. Ke1 Rb2 33. Be3 Rxc1+ 34. Bxc1 Rxg2 35. Bd2 a4 0-1

[Event "SLO-chT qual"]
[Site "Kranj"]
[Date "1995.??.??"]
[Round "?"]
[White "Ursic, Silvio"]
[Black "Hladnik, Ales"]
[Result "0-1"]
[WhiteElo "1970"]
[BlackElo "2095"]
[PlyCount "50"]
[EventDate "1995.??.??"]
[EventType "team"]
[EventRounds "4"]
[EventCountry "SLO"]
[SourceTitle "EXT 1998"]
[Source "ChessBase"]
[SourceDate "1997.11.17"]
[SourceVersion "1"]
[SourceVersionDate "1997.11.17"]
[SourceQuality "1"]

1. c4 e5 2. Nc3 d6 3. g3 Nf6 4. Bg2 g6 5. b3 Bg7 6. Bb2 0-0 7. d3 c6 8. e4 Re8 9. Nge2 Be6 10. Qd2 d5 11. exd5 cxd5 12. Rd1 Nc6 13. 0-0 Qd7 14. Rfe1 Rad8 15. c5 d4 16. Na4 h5 17. h4 Ng4 18. Bc1 Bd5 19. Rf1 Bxg2 20. Kxg2 Qd5+ 21. Kg1 Qf3 22. Rde1 Ne7 23. Qd1 Nf5 24. Nec3 Nxh4 25. gxh4 Qh3 0-1

[Event "SLO-chT"]
[Site "Slovenia"]
[Date "1992.??.??"]
[Round "?"]
[White "Hladnik, Ales"]
[Black "Krumpak, Hinko"]
[Result "0-1"]
[WhiteElo "2150"]
[BlackElo "2150"]
[PlyCount "100"]
[EventDate "1992.??.??"]
[EventType "team"]
[EventRounds "4"]
[EventCountry "SLO"]
[SourceTitle "EXT 1999"]
[Source "ChessBase"]
[SourceDate "1998.11.16"]
[SourceVersion "1"]
[SourceVersionDate "1998.11.16"]
[SourceQuality "1"]

1. d4 Nf6 2. c4 e6 3. Nc3 Bb4 4. e3 c5 5. Nf3 d5 6. a3 Bxc3+ 7. bxc3 Nc6 8. Bd3 0-0 9. 0-0 Qc7 10. cxd5 exd5 11. h3 Rd8 12. a4 c4 13. Bc2 a6 14. Nd2 Rb8 15. Qf3 b5 16. axb5 axb5 17. e4 b4 18. e5 Ne8 19. Bb2 Nxd4 20. cxd4 c3 21. Bxc3 bxc3 22. Nb1 Rb4 23. Rd1 Be6 24. Nxc3 Rc8 25. Rac1 Rc4 26. Ba4 Qa5 27. Bxe8 Rxc3 28. Rxc3 Rxc3 29. Qe2 Rc4 30. Qb2 g6 31. Ra1 Qc7 32. Bb5 Rc2 33. Qb1 Qc3 34. Qd1 Rd2 35. Ra8+ Kg7 36. Qa1 Qxa1+ 37. Rxa1 Rxd4 38. Re1 Rb4 39. Bf1 d4 40. g3 Kf8 41. Rd1 Ke7 42. Bg2 g5 43. g4 Bb3 44. Rd2 Ke6 45. Re2 Bd5 46. Bxd5+ Kxd5 47. f3 d3 48. Rd2 Kd4 49. Kf2 Rc4 50. f4 Rc2 0-1

[Event "SLO-chT"]
[Site "Slovenia"]
[Date "1992.??.??"]
[Round "?"]
[White "Jeras, Iztok"]
[Black "Hladnik, Ales"]
[Result "1-0"]
[WhiteElo "2150"]
[BlackElo "2150"]
[PlyCount "93"]
[EventDate "1992.??.??"]
[EventType "team"]
[EventRounds "4"]
[EventCountry "SLO"]
[SourceTitle "EXT 1999"]
[Source "ChessBase"]
[SourceDate "1998.11.16"]
[SourceVersion "1"]
[SourceVersionDate "1998.11.16"]
[SourceQuality "1"]

1. e4 e6 2. d4 d5 3. Nc3 Bb4 4. e5 c5 5. a3 Bxc3+ 6. bxc3 Qc7 7. Qg4 f5 8. Qh3 Nc6 9. Nf3 Nge7 10. Bd2 Bd7 11. Bd3 0-0-0 12. g4 h6 13. Qg3 c4 14. Be2 g5 15. h4 gxh4 16. Nxh4 Rdg8 17. Qh3 Nd8 18. Ng2 Nf7 19. Qh5 Be8 20. Qh4 Ng6 21. Qf6 Nf8 22. Nf4 Ng5 23. gxf5 Ne4 24. Qh4 Bf7 25. Bg4 Qd7 26. fxe6 Nxe6 27. f3 Nxd2 28. Kxd2 h5 29. Qf6 Re8 30. Rag1 Rhf8 31. Nxe6 Bxe6 32. Bxe6 Qxe6 33. Qxe6+ Rxe6 34. Ke3 Ra6 35. Ra1 Rf5 36. f4 Rh6 37. Rag1 Ra6 38. Rg5 Rxg5 39. fxg5 Rxa3 40. g6 Rxc3+ 41. Kf4 Rxc2 42. Rxh5 Rf2+ 43. Kg3 Rf1 44. Rh2 Rf5 45. Kg4 Rf1 46. Rh3 c3 47. Rxc3+ 1-0